| 000 | 00754cam a2200265 a 4500 | ||
|---|---|---|---|
| 001 | 427095 | ||
| 003 | OSt | ||
| 005 | 20180116183022.0 | ||
| 008 | 810831s1981 nyu 000 1 eng | ||
| 010 | _a 81038478 | ||
| 020 | _a0517544911 | ||
| 040 |
_aDLC _cDLC _dDLC |
||
| 050 | 0 | 0 |
_aPS3557.R256 _bS3 1981 |
| 082 | 0 | 0 |
_a813.54 _219 |
| 100 | 1 | _aGranger, Bill. | |
| 245 | 1 | 0 |
_aSchism . _ba novel . _cBill Granger. |
| 250 | _a1st ed. | ||
| 260 |
_aNew York . _bCrown, _c1981. |
||
| 300 |
_ax, 310 p. ; _c24 cm. |
||
| 650 | 0 |
_aDevereaux (Fictitious character) _xFiction. |
|
| 650 | 0 |
_aIntelligence service _zUnited States _xFiction. |
|
| 655 | 7 |
_aSpy stories. _2gsafd |
|
| 906 |
_a7 _bcbc _corignew _d1 _eocip _f19 _gy-gencatlg |
||
| 942 |
_2ddc _cBK _k813.54 |
||
| 999 |
_c350617 _d350617 |
||